000
00324nam a2200133Ia 4500
008
231129s1971||||xx |||||||||||||| ||spa||
040
_b
spa
082
_a
923 W766v
100
_a
Windsor Eduardo
245
0
_a
La vida de un rey : memorias del duque de Windsor
260
_c
1971
264
_a
Grijalbo
942
_2
ddc
_c
BKS
999
_c
18450
_d
18450